[Event "TUR Cup"]
[Site "Antalya"]
[Date "2020.01.29"]
[Round "5"]
[White "Celik, Hilmi"]
[Black "Sat, Eray"]
[Result "0-1"]
[WhiteElo "1675"]
[BlackElo "1781"]
[PlyCount "116"]
[EventDate "2020.01.26"]
[EventType "swiss"]
[EventRounds "11"]
[EventCountry "TUR"]
[SourceTitle "CBM 194 Extra"]
[Source "ChessBase"]
[SourceDate "2020.03.31"]
[SourceVersion "1"]
[SourceVersionDate "2020.03.31"]
[SourceQuality "1"]

1. b3 e5 2. Bb2 Nc6 3. e3 g6 4. Bb5 Bg7 5. Nf3 Nge7 6. d4 e4 7. Nfd2 f5 8. Nc3 d5 9. Ne2 Be6 10. Nf4 Bf7 11. c4 a6 12. Bxc6+ Nxc6 13. a3 0-0 14. cxd5 Bxd5 15. Nxd5 Qxd5 16. Qc2 Kh8 17. Qc4 Qd7 18. Rc1 Rac8 19. g3 Ne7 20. Bc3 Nd5 21. Nb1 g5 22. h4 f4 23. hxg5 fxe3 24. fxe3 Qf5 25. Qe2 Qxg5 26. Kd2 Nxe3 27. Qh5 Nf1+ 28. Kd1 Qxh5+ 29. Rxh5 Nxg3 30. Rh3 Rf1+ 31. Be1 Nf5 32. Ke2 Rg1 33. d5 Nd4+ 34. Kf2 Rg6 35. Bc3 Rf8+ 36. Ke3 Nxb3 37. Rch1 Rf3+ 38. Kxe4 Rxh3 39. Rxh3 Nc5+ 40. Ke3 Bxc3 41. Nxc3 Kg7 42. Ne2 Rg5 43. Nf4 Re5+ 44. Kd2 Re4 45. Nh5+ Kg6 46. Kc3 Ra4 47. Kb2 Rd4 48. Kc3 Rd3+ 49. Rxd3 Nxd3 50. Ng3 Nf2 51. Kd4 h5 52. Nxh5 Kxh5 53. d6 cxd6 54. Kd5 Ne4 55. Kxe4 b5 56. Kd4 Kg5 57. Kd5 a5 58. Kd4 Kf5 0-1

[Event "TUR Cup"]
[Site "Antalya"]
[Date "2020.01.29"]
[Round "6"]
[White "Ikizler, Metin"]
[Black "Celik, Hilmi"]
[Result "0-1"]
[WhiteElo "1555"]
[BlackElo "1675"]
[PlyCount "118"]
[EventDate "2020.01.26"]
[EventType "swiss"]
[EventRounds "11"]
[EventCountry "TUR"]
[SourceTitle "CBM 194 Extra"]
[Source "ChessBase"]
[SourceDate "2020.03.31"]
[SourceVersion "1"]
[SourceVersionDate "2020.03.31"]
[SourceQuality "1"]

1. d4 Nf6 2. c4 e5 3. dxe5 Ng4 4. Nf3 Bc5 5. e3 Nc6 6. Be2 Ngxe5 7. Nxe5 Nxe5 8. 0-0 d6 9. a3 a6 10. b4 Ba7 11. Bb2 Qe7 12. Nc3 Be6 13. Nd5 Qd7 14. Rc1 0-0 15. Nf4 Rad8 16. Qc2 Bg4 17. Qd1 Bxe2 18. Qxe2 Qf5 19. Nd5 Rd7 20. Rcd1 Ng6 21. Qd3 Qg4 22. f3 Qg5 23. f4 Qh6 24. Qc3 f5 25. Rf3 c6 26. Rh3 Nh4 27. Nb6 Bxb6 28. c5 Bd8 29. g3 Qg6 30. Qc4+ d5 31. Qe2 h5 32. Kh1 Qg4 33. Qxg4 hxg4 34. Rxh4 Bxh4 35. gxh4 Re7 36. Bd4 Kf7 37. Kg2 Rfe8 38. Re1 Re4 39. Kf2 Kg6 40. Rg1 Rxd4 41. exd4 Re4 42. h3 Rxf4+ 43. Ke2 Rxd4 44. hxg4 Rxg4 45. Rh1 Kh5 46. Kf3 Rxh4 47. Re1 Re4 48. Rh1+ Kg5 49. Rh8 f4 50. Rb8 Re3+ 51. Kf2 Re7 52. Kf3 Rf7 53. Re8 Kf5 54. Rh8 g5 55. Rg8 Kf6 56. Kg4 Ke5 57. Re8+ Kd4 58. Kxg5 f3 59. Re1 f2 0-1

[Event "TUR Cup										"]
[Site "Antalya"]
[Date "2018.01.29"]
[Round "4"]
[White "Bockun, Hayrettin"]
[Black "Celik, Hilmi"]
[Result "0-1"]
[WhiteElo "1379"]
[BlackElo "1665"]
[PlyCount "76"]
[EventDate "2018.01.27"]
[EventType "swiss"]
[EventRounds "11"]
[EventCountry "TUR"]
[SourceTitle "CBM 182 Extra"]
[Source "ChessBase"]
[SourceDate "2018.02.23"]
[SourceVersion "1"]
[SourceVersionDate "2018.02.23"]
[SourceQuality "1"]

1. Nf3 c5 2. e4 Nc6 3. Bc4 e6 4. 0-0 a6 5. a3 Qc7 6. c3 b5 7. Ba2 Ne5 8. Nxe5 Qxe5 9. d3 Bb7 10. f4 Qc7 11. c4 Ne7 12. Nc3 b4 13. Ne2 f5 14. Ng3 g6 15. exf5 gxf5 16. axb4 cxb4 17. d4 Rg8 18. c5 0-0-0 19. Bc4 Qc6 20. Qe2 Bg7 21. Be3 Nd5 22. Bxa6 h5 23. Bxb7+ Kxb7 24. Ra5 Ra8 25. Rxa8 Kxa8 26. Ra1+ Kb7 27. Qf3 Nxe3 28. Qxe3 h4 29. Rd1 hxg3 30. hxg3 Qd5 31. Qd3 Kc7 32. Qd2 Qc4 33. Qe3 b3 34. Qd2 Ra8 35. Kf2 Qc2 36. Ke2 Ra2 37. Qxc2 bxc2 38. Rc1 Rxb2 0-1